Seriál : O behaviorálnyh financiách

Pokračovanie príspevku z predchádzajúceho čísla. Teória maximalizácie očakávaného úžitku. Efekt izolácie (isolation effect). Efekt odrazu (reflection effect). Ilustračné príklady.

Guardado en:
Detalles Bibliográficos
Autor principal: Pilch, Ctibor, 1957-
Formato: Capítulo de libro
Lenguaje:eslovaco
Materias:
Etiquetas: Agregar Etiqueta
Sin Etiquetas, Sea el primero en etiquetar este registro!

MARC

LEADER 00000nla$a2200000$$$4500
001 0148722
005 20240502072656.5
041 0 |a slo 
044 |a SK 
245 1 0 |a Seriál : O behaviorálnyh financiách  |c Ctibor Pilch 
520 |a Pokračovanie príspevku z predchádzajúceho čísla. Teória maximalizácie očakávaného úžitku. Efekt izolácie (isolation effect). Efekt odrazu (reflection effect). Ilustračné príklady. 
610 2 0 |a trh finančný 
610 2 0 |a pravdepodobnosť 
610 2 0 |a behaviorizmus 
610 2 0 |a metódy matematické 
610 2 0 |a oceňovanie 
100 1 |a Pilch, Ctibor, 1957-